000
00305nam a22001331a 4500
082
_a
M1
_b
KAV/T
245
_a
Thannantu Kavita 1994/
260
_a
Ernakulam:
_b
Kavisamajam,
_c
1994.
300
_a
74p.
650
_a
Poetry Malayalam
650
_a
Literature Malayalam
650
_a
Literature
942
_c
BK
999
_c
46574
_d
46574